000 00566nam a2200193Ia 4500
005 20250508165325.0
008 008 250505s9999 xx 000 0 eng d
037 _aTheses
040 _aFEDL
_beng
_cFEDL
041 _aeng
_2eng
084 _a372.3, MOH/TH
_qFEDL
100 _aMohanty Bandita Balaram
_9546695
245 0 _aStudy of the evolution of science concepts among students at the elementary level
260 _c2013
300 _a304p.
546 _aTheseses; C D Included
942 _cTH
_h372.3, MOH/TH
999 _c1394453
_d1394453